[Event "Let's Play Chess!"]
[Site "http://www.queenalice.com/game.php?id=1402194"]
[Date "2016.1.4"]
[Round "-"]
[White "Bategoll"]
[Black "specktro"]
[Result "1-0"]
[WhiteElo "1690"]
[BlackElo "1713"]

1. e4 c5 2. Nf3 Nc6 3. d4 cxd4 4. Nxd4 Qc7 5. Nf5 e6 6. Ng3 Be7 7. Nc3 Nf6 8.
Bd3 e5 9. O-O d6 10. Nd5 Qa5 11. Nxe7 Nxe7 12. Bg5 Nfg8 13. a3 h6 14. Bd2 Qb6
15. Bc3 Nf6 16. Kh1 Ng4 17. Qf3 Be6 18. b3 Ng6 19. a4 Nh4 20. Qe2 Qc5 21. Bb2
O-O 22. Ba3 Qc7 23. Bc4 Bd7 24. Rad1 Rfc8 25. Bxd6 Qc6 26. Bd5 Qb6 27. Ba3 Bc6
28. Bxc6 Qxc6 29. Qxg4 Ng6 30. c4 a5 31. Nf5 Qb6 32. Rb1 Rd8 33. h4 h5 34. Qxh5
Rd3 35. c5 Qf6 36. Rfd1 Nf4 37. Qg5 Ra6 38. Qxf6 Rxf6 39. Rxd3 Nxd3 40. f3 Nf2+
41. Kh2 Nd3 42. Ne7+ Kh8 43. b4 Re6 44. Nf5 b6 45. cxb6 Rxb6 46. b5 Kh7 47. Be7
Rb7 48. Bd8 g6 49. Ng3 Ra7 50. b6 Rb7 51. Bc7 f6 52. Rb5 Nf4 53. Rxa5 Ne6 54.
Rd5 Nxc7 55. Rd7+ 1-0

[Event "Challenge"]
[Site "http://www.queenalice.com/game.php?id=1402974"]
[Date "2016.1.7"]
[Round "-"]
[White "specktro"]
[Black "EdBrazil"]
[Result "1-0"]
[WhiteElo "1678"]
[BlackElo "1572"]

1. e4 e5 2. Nf3 f6 3. Nxe5 h5 4. Ng6 Rh6 5. Nxf8 Kxf8 6. d4 d5 7. Bxh6 Nxh6 8.
Nc3 dxe4 9. Nxe4 Qe8 10. Bd3 f5 11. Qf3 Kg8 12. O-O Qc6 13. Ng5 Qxf3 14. Nxf3
Nc6 15. Rfe1 Bd7 16. Bc4+ Nf7 17. Ng5 Nd8 18. Re7 Kf8 19. Rxd7 Nxg5 20. Rxc7
Nge6 21. Bxe6 Nxe6 22. Rxb7 Nxd4 23. c3 Ne2+ 24. Kf1 Re8 25. Rxa7 h4 26. Re1 Nf4
27. Rxe8+ Kxe8 28. Rxg7 1-0

[Event "Let's Play Chess!"]
[Site "http://www.queenalice.com/game.php?id=1404643"]
[Date "2016.1.17"]
[Round "-"]
[White "specktro"]
[Black "Scaracioli"]
[Result "1-0"]
[WhiteElo "1696"]
[BlackElo "1753"]

1. Nf3 Nc6 2. e4 e5 3. Nc3 a6 4. Bc4 h6 5. d4 b5 6. Bd5 f6 7. Bxc6 dxc6 8. dxe5
Qxd1+ 9. Nxd1 Bg4 10. exf6 gxf6 11. b3 Bg7 12. Bb2 Ne7 13. Ne3 Bxf3 14. gxf3
O-O-O 15. f4 Rd7 16. f3 Rhd8 17. Ng4 Rd2 18. Ba3 Ng6 19. f5 Nf4 20. Ne3 Ng2+ 21.
Nxg2 Rxg2 22. Rd1 Rxc2 23. Rxd8+ Kxd8 24. Rg1 Rxa2 25. Bc5 Ra1+ 26. Kf2 Rxg1 27.
Kxg1 h5 28. Kg2 Bh6 29. h3 Bf4 30. Kf2 h4 31. Ke2 Bd6 32. Bd4 Be5 33. Bc5 Bd6
34. Bd4 Ke7 35. Kd3 c5 36. Bc3 b4 37. Bd2 a5 38. Kc4 c6 39. Kd3 Bg3 40. Be3 Kd6
41. Bh6 Ke7 42. Be3 Kd6 43. Bh6 Ke5 44. Kc4 Bf2 45. Kd3 Bd4 46. Kc4 Kd6 47. Bf4+
Kd7 48. Bb8 Kc8 49. Ba7 Kb7 50. Bxc5 Bc3 51. Bf2 a4 52. bxa4 Ka6 53. Bc5 Ka5 54.
Kb3 Bd2 55. e5 fxe5 56. f6 e4 57. fxe4 Bc3 58. f7 Bg7 59. Bxb4+ Kb6 60. e5 c5
61. Bc3 Bf8 62. Kc4 Kc6 63. a5 Kd7 64. a6 Kc7 65. Kb5 Be7 66. Bb2 c4 67. Bd4 Bf8
68. Bc5 c3 69. Bxf8 c2 70. Bh6 c1=Q 71. Bxc1 Kd7 72. f8=Q Ke6 73. a7 Kd7 74.
a8=Q Ke6 75. Qf6+ Kd7 76. Qd5+ Kc7 77. Qfc6+ 1-0

[Event "Let's Play Chess!"]
[Site "http://www.queenalice.com/game.php?id=1404644"]
[Date "2016.1.17"]
[Round "-"]
[White "Scaracioli"]
[Black "specktro"]
[Result "0-1"]
[WhiteElo "1812"]
[BlackElo "1681"]

1. e4 c5 2. d4 cxd4 3. Qxd4 Nc6 4. Qd1 e5 5. Nf3 Nf6 6. a3 Bc5 7. c3 Ng4 8. Be3
Bxe3 9. fxe3 Qb6 10. Qd2 Na5 11. Ra2 Nb3 12. Qd3 Nc1 13. Qd2 Nxa2 14. b4 Qxe3+
15. Qxe3 Nxe3 16. Kd2 Ng4 17. Bc4 Nf2 18. Re1 Nxb4 19. axb4 Ng4 20. h3 Nf6 21.
Nxe5 O-O 22. Na3 h6 23. g4 d6 24. Nd3 Be6 25. Bb5 a6 26. Ba4 b5 27. Bc2 Rac8 28.
Re3 Rc7 29. Nf4 Rfc8 30. Nxe6 fxe6 31. Bb3 Re7 32. c4 Rb8 33. Kd3 Nd7 34. Nc2
Kh8 35. Nd4 Ne5+ 36. Kc3 bxc4 37. Bxc4 Nxc4 38. Kxc4 Rc8+ 39. Kd3 g6 40. e5 d5
41. b5 axb5 42. Nxb5 Rc5 43. Nd6 Rec7 44. Ke2 Rc3 45. Nb5 Rxe3+ 46. Kxe3 Rc5 47.
Nd6 Rc3+ 48. Kd4 Rxh3 49. Kc5 Rg3 50. Nf7+ Kg7 51. Nd6 Rxg4 52. Kc6 Rg5 53. Kd7
Rxe5 54. Ne8+ Kf7 55. Nd6+ Kf8 56. Ne8 d4 57. Nc7 d3 58. Nxe6+ Rxe6 59. Kxe6 h5
60. Kf6 h4 61. Kxg6 h3 62. Kf5 h2 63. Ke4 d2 64. Ke3 d1=Q 65. Kf4 h1=Q 66. Ke5
Qhd5+ 67. Kf4 Q5d4+ 68. Kf5 Kf7 69. Kg5 Q1g4+ 0-1

[Event "Let's Play Chess!"]
[Site "http://www.queenalice.com/game.php?id=1409491"]
[Date "2016.2.17"]
[Round "-"]
[White "specktro"]
[Black "carlosufpe"]
[Result "0-1"]
[WhiteElo "1691"]
[BlackElo "1524"]

1. e4 d6 2. d4 Nf6 3. Nc3 e6 4. Bd3 e5 5. d5 Be7 6. h3 O-O 7. Be3 c6 8. Bc4 a5
9. Na4 b5 10. Nb6 Ra6 11. Nxc8 Qxc8 12. Bd3 cxd5 13. Bxb5 Ra8 14. Bg5 Qb7 15.
Bxf6 Bxf6 16. Qxd5 Qxd5 17. exd5 Rd8 18. Ne2 Nd7 19. O-O Nc5 20. Nc3 e4 21. Na4
Nxa4 22. Bxa4 Bxb2 23. Rab1 Rab8 24. c4 Ba3 25. Rb3 Rxb3 26. axb3 h6 27. Re1 f5
28. f4 Bc5+ 29. Kf1 g6 30. h4 Kg7 31. g3 Kf6 32. Kg2 g5 33. hxg5+ hxg5 34. Kh3
Bb4 35. Re2 Rh8+ 36. Kg2 gxf4 37. gxf4 Rg8+ 38. Kf2 Rg4 39. Be8 Rxf4+ 40. Kg2
Rf3 41. Rb2 Ke5 42. Bh5 Rc3 43. Bd1 f4 44. Kf2 Kd4 45. Rd2+ Rd3 46. Rxd3+ exd3
47. Kf3 Bd2 48. Kf2 Be3+ 49. Kf3 Kc3 50. Ke4 d2 51. c5 Bxc5 52. Kxf4 Kb2 53. Ke4
Kc1 54. Be2 d1=Q 55. Bxd1 Kxd1 56. Kd3 Kc1 57. Kc3 Kb1 58. Kc4 Kb2 59. Kb5 Kxb3
60. Kxa5 Kc4 61. Ka4 Kxd5 62. Kb3 Kd4 63. Kc2 d5 64. Kd2 Kc4 65. Kd1 Bf8 66. Kd2
d4 67. Kc2 d3+ 68. Kd2 Bh6+ 0-1

[Event "Challenge"]
[Site "http://www.queenalice.com/game.php?id=1410095"]
[Date "2016.2.20"]
[Round "-"]
[White "specktro"]
[Black "fhsantanna"]
[Result "0-1"]
[WhiteElo "1704"]
[BlackElo "1797"]

1. e4 c5 2. Nf3 d6 3. c3 a6 4. d4 cxd4 5. Nxd4 Nc6 6. Bd3 Nf6 7. Qe2 e5 8. Nf3
Bg4 9. h3 Bh5 10. Qe3 Be7 11. Na3 d5 12. g4 Bg6 13. Nh2 d4 14. Qf3 Bxa3 15. g5
dxc3 16. bxa3 Nd4 17. Qg3 Nd7 18. Rb1 b5 19. Nf3 Nxf3+ 20. Qxf3 Nc5 21. Bc2 O-O
22. Qxc3 Nxe4 23. Qxe5 Re8 24. Qb2 Nd2+ 25. Kd1 Nc4+ 26. Bd2 Qxd2# 0-1

[Event "Challenge"]
[Site "http://www.queenalice.com/game.php?id=1410096"]
[Date "2016.2.20"]
[Round "-"]
[White "specktro"]
[Black "fhsantanna"]
[Result "0-1"]
[WhiteElo "1716"]
[BlackElo "1807"]

1. Nf3 Nc6 2. e4 e5 3. d4 exd4 4. Nxd4 Nf6 5. Nxc6 bxc6 6. Nc3 Bb4 7. Bd2 Bxc3
8. Bxc3 O-O 9. Bd3 d6 10. Qe2 Bg4 11. Qe3 Re8 12. f3 Bh5 13. O-O-O Nd5 14. Qf2
Nxc3 15. bxc3 Qg5+ 16. Rd2 Qa5 17. Bc4 Qxc3 18. Qd4 Qa3+ 19. Kb1 c5 20. Qb2 Rab8
21. Bb3 Qb4 22. c4 a5 23. a3 Qxb3 24. g4 Qxf3 25. gxh5 Rxb2+ 26. Kxb2 Qxh1 0-1

[Event "Challenge"]
[Site "http://www.queenalice.com/game.php?id=1410097"]
[Date "2016.2.20"]
[Round "-"]
[White "fhsantanna"]
[Black "specktro"]
[Result "1-0"]
[WhiteElo "1813"]
[BlackElo "1677"]

1. e4 c5 2. Nf3 d6 3. c3 Nf6 4. d3 h6 5. g3 Nc6 6. Bg2 Qb6 7. O-O e5 8. b3 Be7
9. Bb2 c4 10. Na3 cxb3 11. axb3 Bg4 12. Nc4 Qc7 13. Re1 O-O-O 14. d4 h5 15. d5
Na5 16. Rxa5 Kb8 17. Qa1 a6 18. Ncd2 Rdg8 19. b4 g5 20. b5 Bd8 21. Ra4 a5 22.
Nc4 Qd7 23. Nxa5 Bh3 24. Nc6+ Kc7 25. Rc4 Qg4 26. Ncxe5+ Kb8 27. Nxg4 hxg4 28.
Qa3 Bc7 29. b6 Ne8 30. Ra1 Kc8 31. bxc7 1-0

[Event "Let's Play Chess!"]
[Site "http://www.queenalice.com/game.php?id=1410935"]
[Date "2016.2.25"]
[Round "-"]
[White "tucuman"]
[Black "specktro"]
[Result "1-0"]
[WhiteElo "1611"]
[BlackElo "1737"]

1. e4 c5 2. c4 Nc6 3. Nc3 Nf6 4. d3 Qb6 5. Nf3 e5 6. Be2 h6 7. h3 d6 8. O-O Be6
9. Nh2 Nd4 10. Nf3 Be7 11. Nxd4 exd4 12. Nd5 Bxd5 13. exd5 O-O 14. b3 Rad8 15.
Re1 Nd7 16. Bf4 Rde8 17. Bf3 a5 18. Be4 Qa6 19. Qh5 Nf6 20. Qf3 a4 21. bxa4 Qxa4
22. a3 b5 23. cxb5 Qxb5 24. Qg3 Ra8 25. Bxh6 Nh5 26. Qg4 f5 27. Bxf5 Nf6 28.
Qxg7# 1-0

[Event "Let's Play Chess!"]
[Site "http://www.queenalice.com/game.php?id=1410937"]
[Date "2016.2.25"]
[Round "-"]
[White "tucuman"]
[Black "specktro"]
[Result "0-1"]
[WhiteElo "1657"]
[BlackElo "1724"]

1. b3 e5 2. Bb2 Nc6 3. e4 a6 4. d3 Bc5 5. a3 Nf6 6. h3 d5 7. exd5 Qxd5 8. Qf3
Be6 9. Qe2 Bb6 10. Nf3 Bd4 11. Nc3 O-O 12. O-O-O Qc5 13. Na4 Qa7 14. Nc3 Bxf2
15. g4 Bg3 16. Bg2 b5 17. Ne4 Nxe4 18. dxe4 f6 19. Kb1 Nb4 20. axb4 Bf4 21. c3
Bxb3 22. Rd7 a5 23. Qxb5 axb4 24. Qxb4 Qa2# 0-1

[Event "Let's Play Chess!"]
[Site "http://www.queenalice.com/game.php?id=1411342"]
[Date "2016.2.28"]
[Round "-"]
[White "ulisses34"]
[Black "specktro"]
[Result "1-0"]
[WhiteElo "1601"]
[BlackElo "1730"]

1. e4 c5 2. e5 Nc6 3. Nf3 Qc7 4. Qe2 g6 5. Qe3 b6 6. Nc3 Bg7 7. Bc4 Nxe5 8. Nxe5
Bxe5 9. Nd5 Qd6 10. c3 Bb7 11. Qf3 Bxh2 12. Nc7+ Qxc7 13. Qxf7+ Kd8 14. Qf8# 1-0

[Event "Challenge"]
[Site "http://www.queenalice.com/game.php?id=1411565"]
[Date "2016.2.29"]
[Round "-"]
[White "Scaracioli"]
[Black "specktro"]
[Result "0-1"]
[WhiteElo "1707"]
[BlackElo "1714"]

1. e4 c5 2. d4 cxd4 3. Qxd4 Nc6 4. Qd1 Qc7 5. Nc3 Nf6 6. f3 e6 7. Bd3 Bd6 8.
Nge2 Bxh2 9. f4 Ng4 10. Kf1 Qb6 11. Qe1 e5 12. g3 exf4 13. Bxf4 Qxb2 14. Kg2 Nb4
15. Rxh2 Nxc2 16. Bxc2 Qxc2 17. Rh1 b6 18. Kg1 Bb7 19. Qd2 Bxe4 20. Nxe4 Qxe4
21. Kf1 Qxh1+ 22. Ng1 Nf6 23. Re1+ Ne4 24. Re2 O-O 25. Qxd7 Nf6 26. Rg2 Nxd7 0-1

[Event "Challenge"]
[Site "http://www.queenalice.com/game.php?id=1411568"]
[Date "2016.2.29"]
[Round "-"]
[White "specktro"]
[Black "Scaracioli"]
[Result "1-0"]
[WhiteElo "1709"]
[BlackElo "1684"]

1. e4 e5 2. Nf3 d6 3. h3 a6 4. Nc3 c6 5. d4 Nf6 6. dxe5 dxe5 7. Qxd8+ Kxd8 8.
Ng5 Be6 9. Nf3 Bd6 10. Be3 Nbd7 11. O-O-O b5 12. Rxd6 Kc7 13. Rd1 c5 14. Be2
Rhb8 15. a3 h6 16. g4 g5 17. Rd2 b4 18. axb4 cxb4 19. Na4 a5 20. b3 Nxe4 21. Rd3
Kd8 22. Nd2 Nxd2 23. Bxd2 Ra7 24. h4 Rc7 25. hxg5 hxg5 26. Bxg5+ Kc8 27. Rh8+
Kb7 28. Bf3+ Ka6 29. Rd6+ Ka7 30. Be3+ Nc5 31. Rxb8 Kxb8 32. Rd8+ Bc8 33. Bxc5
Rc6 34. Bxc6 Kc7 35. Be7 Kxc6 36. Rxc8+ Kd7 37. Rc5 Kxe7 38. Rxe5+ Kf6 39. Rxa5
Ke6 40. Rb5 f6 41. Rxb4 Ke5 42. f4+ Kd5 43. c4+ Ke4 44. g5 fxg5 45. fxg5 Kf5 46.
c5 Kxg5 47. c6 Kf6 48. c7 1-0

[Event "Challenge"]
[Site "http://www.queenalice.com/game.php?id=1412173"]
[Date "2016.3.5"]
[Round "-"]
[White "ulisses34"]
[Black "specktro"]
[Result "1-0"]
[WhiteElo "1650"]
[BlackElo "1666"]

1. e4 c5 2. Nf3 d6 3. Bc4 Nf6 4. Nc3 a6 5. O-O Nc6 6. Re1 Na5 7. Bd3 e5 8. Nd5
Nxd5 9. exd5 Qf6 10. Be4 g6 11. b3 h5 12. d3 Qg7 13. Bd2 f5 14. Bxf5 Bxf5 15.
Bxa5 Be7 16. Qd2 g5 17. b4 g4 18. Nxe5 dxe5 19. bxc5 Bxc5 20. c4 b6 21. Bc3 Bd6
22. Re3 Qe7 23. Rae1 O-O-O 24. Bxe5 Bxe5 25. Rxe5 Qf6 26. Qf4 Rhf8 27. R1e3 Qg6
28. Qd4 Rde8 29. g3 Rxe5 30. Rxe5 Bxd3 31. Re6 Rf6 32. Re7 Kd8 33. Re3 Bf5 34.
Qf4 Kc8 35. Rc3 Be4 36. Qe5 Bf3 37. Rc1 Rf5 38. Qd4 a5 39. d6 Rc5 40. d7+ Kd8
41. Re1 Rc8 42. h3 Bc6 43. Re8+ Kc7 44. dxc8=Q# 1-0

[Event "Challenge"]
[Site "http://www.queenalice.com/game.php?id=1412189"]
[Date "2016.3.5"]
[Round "-"]
[White "specktro"]
[Black "digger"]
[Result "1-0"]
[WhiteElo "1669"]
[BlackElo "1698"]

1. e4 e5 2. Nf3 d6 3. d4 f6 4. h3 g6 5. Nc3 exd4 6. Qxd4 Bg7 7. Bd3 Qe7 8. Be3
f5 9. Qc4 c6 10. O-O Nf6 11. Rfe1 b6 12. Nb5 a6 13. Nbd4 c5 14. e5 dxe5 15. Bf4
e4 16. Nd2 Bd7 17. N4b3 b5 18. Qxc5 Qxc5 19. Nxc5 Bc6 20. Ne6 Kf7 21. Ng5+ Kg8
22. Be2 Nd5 23. Bxb8 Rxb8 24. c3 h6 25. Ne6 Bf6 26. Nb3 Kf7 27. Ned4 Bd7 28.
Rad1 Rbd8 29. Nc5 Bc8 30. Rd2 Rhe8 31. Red1 Kg7 32. Nc6 Rd6 33. Nb4 Be6 34.
Nxe6+ Rexe6 35. Nxd5 Be5 36. Nc7 Rxd2 37. Nxe6+ Kf6 38. Rxd2 Kxe6 39. g3 g5 40.
Bh5 a5 41. a3 Kf6 42. Rd5 b4 43. Rxa5 g4 44. hxg4 f4 45. Ra6+ Kg5 46. Rg6# 1-0

[Event "Let's Play Chess!"]
[Site "http://www.queenalice.com/game.php?id=1412745"]
[Date "2016.3.9"]
[Round "-"]
[White "lordtavora"]
[Black "specktro"]
[Result "0-1"]
[WhiteElo "1715"]
[BlackElo "1686"]

1. b3 c5 2. g3 b6 3. Bg2 d5 4. c4 Bb7 5. cxd5 Nf6 6. Nc3 e6 7. Nf3 Nxd5 8. O-O
Bd6 9. Bb2 O-O 10. e3 f5 11. d4 Nxc3 12. Bxc3 Nd7 13. dxc5 Bxc5 14. Ne5 Bxg2 15.
Kxg2 Nf6 16. b4 Ne4 17. bxc5 Nxc3 18. Qb3 Nd5 19. cxb6 axb6 20. Rfd1 Qd6 21. Nc4
Qc6 22. Rac1 Nc3+ 23. f3 Nxd1 24. Rxd1 Rab8 25. Ne5 Qe8 26. Nd7 Rd8 27. Nxf8
Kxf8 28. Qb4+ Kf7 29. Rxd8 Qxd8 30. e4 g6 31. exf5 exf5 32. Qb3+ Kg7 33. Qb2+
Kh6 34. Qc1+ g5 35. h4 Kh5 36. Qxg5+ Qxg5 37. hxg5 Kxg5 38. Kf2 h5 39. Ke3 b5
40. a3 Kg6 41. Kf4 Kf6 42. Ke3 Kg5 43. Kf2 f4 44. Kg2 fxg3 45. Kxg3 h4+ 46. Kg2
Kf4 0-1

[Event "Challenge"]
[Site "http://www.queenalice.com/game.php?id=1413063"]
[Date "2016.3.11"]
[Round "-"]
[White "specktro"]
[Black "tucuman"]
[Result "0-1"]
[WhiteElo "1648"]
[BlackElo "1661"]

1. e4 e5 2. Nf3 d6 3. Bc4 h6 4. Nc3 a6 5. O-O Nf6 6. b3 Nc6 7. Ba3 Be7 8. h3 O-O
9. d4 exd4 10. Nxd4 Nxd4 11. Qxd4 b5 12. Bd5 Nxd5 13. Qxd5 Rb8 14. Bb2 Be6 15.
Qd4 Bf6 16. Qd3 Qe7 17. Rad1 Rbd8 18. Rfe1 c5 19. Bc1 Bh4 20. Rf1 Bg5 21. Bb2
Bf6 22. Qd2 Be5 23. Bc1 Qc7 24. Ne2 b4 25. a4 a5 26. Qe3 Qe7 27. f4 Bf6 28. e5
dxe5 29. f5 Bd7 30. Qg3 Kh8 31. c4 Bc6 32. Be3 Rg8 33. Qf2 Bg5 34. Bxc5 Qf6 35.
Bb6 Rb8 36. Bxa5 Be4 37. Ng3 Bc6 38. Qc5 Bf4 39. Kh2 Bxg3+ 40. Kxg3 Qg5+ 41. Kh2
Qxg2# 0-1

[Event "Challenge"]
[Site "http://www.queenalice.com/game.php?id=1413064"]
[Date "2016.3.11"]
[Round "-"]
[White "specktro"]
[Black "tucuman"]
[Result "1-0"]
[WhiteElo "1649"]
[BlackElo "1752"]

1. Nf3 d5 2. Nc3 e6 3. d4 Nc6 4. e4 dxe4 5. Nxe4 Be7 6. Bb5 Bd7 7. Nc3 a6 8. Be2
h6 9. a3 Nf6 10. b4 O-O 11. O-O Nh7 12. Ne4 Nf6 13. Qd3 Nxe4 14. Qxe4 Bf6 15.
Bd3 b5 16. Qh7# 1-0

[Event "Challenge"]
[Site "http://www.queenalice.com/game.php?id=1420082"]
[Date "2016.4.26"]
[Round "-"]
[White "specktro"]
[Black "ulisses67"]
[Result "1-0"]
[WhiteElo "1679"]
[BlackElo "1581"]

1. Nf3 d6 2. e4 Bg4 3. d4 Nf6 4. Nc3 e5 5. Be3 exd4 6. Bxd4 d5 7. Bxf6 Qxf6 8.
Nxd5 Qd8 9. Qd3 c6 10. Nc3 Qb6 11. O-O-O Nd7 12. h3 Bh5 13. Qxd7# 1-0

[Event "Challenge"]
[Site "http://www.queenalice.com/game.php?id=1420083"]
[Date "2016.4.26"]
[Round "-"]
[White "specktro"]
[Black "ulisses67"]
[Result "0-1"]
[WhiteElo "1668"]
[BlackElo "1567"]

1. e4 e5 2. Nf3 Qf6 3. b3 Bb4 4. Bb2 d6 5. Be2 Be6 6. O-O Nh6 7. d4 Ng4 8. h3
Nh6 9. dxe5 dxe5 10. Bxe5 Qg6 11. Nh4 Qxe4 12. Bxg7 Rg8 13. Bf3 Qxh4 14. Bxb7
Rxg7 15. g3 Qxh3 16. Bxa8 Ng4 17. Re1 Qh2+ 18. Kf1 Qxf2# 0-1

[Event "Let's Play Chess!"]
[Site "http://www.queenalice.com/game.php?id=1424359"]
[Date "2016.5.23"]
[Round "-"]
[White "specktro"]
[Black "carlosufpe"]
[Result "0-1"]
[WhiteElo "1653"]
[BlackElo "1601"]

1. Nf3 d6 2. e4 e5 3. h3 Nf6 4. d4 exd4 5. Qxd4 c5 6. Qc4 a6 7. Ng5 Qe7 8. Be3
b5 9. Qe2 Bb7 10. Nd2 h6 11. Ngf3 Bxe4 12. Nxe4 Qxe4 13. O-O-O Be7 14. Nd2 Qe6
15. Kb1 O-O 16. g3 Nc6 17. Bg2 Rac8 18. a4 Nb4 19. axb5 Qa2+ 20. Kc1 Qa1+ 21.
Nb1 axb5 22. Qxb5 Rb8 23. Qe2 Na2+ 24. Kd2 Qxb2 25. Bxc5 dxc5 26. Qxe7 Rfe8 27.
Qxc5 Rbd8+ 28. Bd5 Rxd5+ 29. Qxd5 Nxd5 30. Rhe1 Qd4# 0-1

[Event "Let's Play Chess!"]
[Site "http://www.queenalice.com/game.php?id=1424360"]
[Date "2016.5.24"]
[Round "-"]
[White "kowal76"]
[Black "specktro"]
[Result "0-1"]
[WhiteElo "1733"]
[BlackElo "1633"]

1. e4 c5 2. Nc3 Nc6 3. Bb5 Nd4 4. d3 Qb6 5. Nf3 Nxb5 6. Nd5 Qd8 7. Ne5 e6 8. Nc3
Nxc3 9. bxc3 Qa5 10. Bd2 f6 11. Nc4 Qc7 12. O-O Bd6 13. d4 cxd4 14. cxd4 Qxc4
15. c3 Qc7 16. f4 Ba3 17. f5 Bb2 18. Qh5+ Ke7 19. Rab1 Ba3 20. fxe6 g6 21. Qh4
d6 22. Bg5 fxg5 23. Rf7+ Kxe6 24. Rxc7 gxh4 25. d5+ Ke5 26. Re1 Nf6 27. Re7+ Kf4
28. e5 Nxd5 29. Rf7+ Kg5 30. e6 Nxc3 31. Re3 Bc5 32. Rf3 Bxe3+ 33. Rxe3 Nxa2 34.
e7 Bd7 35. g3 hxg3 36. hxg3 Nb4 37. Rb3 Nd5 38. Rxb7 Bc6 39. Rb3 Nxe7 40. Rd3 d5
41. Kh2 Kf6 42. g4 Ke6 43. Re3+ Kd6 44. Rxe7 Kxe7 45. g5 Rab8 46. Kg3 Rb4 0-1

[Event "Challenge"]
[Site "http://www.queenalice.com/game.php?id=1426866"]
[Date "2016.6.8"]
[Round "-"]
[White "tucuman"]
[Black "specktro"]
[Result "1-0"]
[WhiteElo "1777"]
[BlackElo "1635"]

1. e4 c5 2. d4 cxd4 3. Bd3 e5 4. Nf3 Nc6 5. O-O Be7 6. a3 Nf6 7. h3 Qb6 8. Nbd2
O-O 9. b4 a6 10. Nh2 d6 11. f4 Bd7 12. f5 Rac8 13. Ng4 Nxg4 14. hxg4 f6 15. g3
h6 16. Kg2 Nd8 17. Nf3 Nf7 18. Nh4 Rfe8 19. Ng6 Bd8 20. Rh1 Kh7 21. Bd2 Bc6 22.
Bc4 Bxe4+ 23. Kf2 Rxc4 24. Rg1 Bxc2 25. Qf3 1-0